000 00718nam a2200217 i 4500
001 185746
003 ES-MaACL
005 20230906222517.0
008 160805s1961 sp |||| | spa d
100 1 _aKlein, Martin.
_9160350
245 1 0 _aIntroducción en las normas DIN /
_cpor... Martin Klein... ; traducción... de la edición original alemana...
260 _aBilbao :
_bBalzola,
_c1961.
300 _a316 p. :
_bil. ;
_c21 cm.
490 1 _aNormas DIN ;
_v17
650 4 _aMáquinas-
_vNormas.
_9160351
650 4 _aPráctica de taller-
_vNormas.
_9160347
710 2 _aDeutscher Normenausschuss.
_9160346
830 0 _aNormas DIN ;
_v17
_9225273
852 _aES-MaACL
_jE-3591
999 _c185746
_d185746